000 00850nam a22002897a 4500
003 CHAP
005 20220817042010.0
008 971013s r 00010 d
010 _a31348
011 _a32320
035 _a36435
040 _cCHAP
090 _aFolleto 3745
100 0 0 _aMartín del Campo R., Antonio Carlos.
_971701
245 _aDesarrollo desigual en el sector rural
260 _a(s.l. :
_bs.e.),
_c(s.a.)
300 _a32 h
590 _aBATCH-UPD
_b10
_c20130110
_lUCH01
_h1026
590 _aBATCH-UPD
_b10
_c20130410
_lUCH01
_h0630
590 _aBATCH-UPD
_b10
_c20130914
_lUCH01
_h1149
590 _aCONVERSION
_b10
_c20130109
_lUCH01
_h1318
650 1 4 _aDesarrollo económico.
650 1 4 _aMéxico
_xCondiciones rurales.
901 _aBK
942 _cFOLL
949 _aFolleto 3745
_bBC
_cFOLL
_d-84034
_eTS1
_i36435
_mD
_si
999 _c31348
_d31348